Personnages de fiction par couleur de cheveux - Blond - Statistiques

Statistiques générales
  • Ce quiz a été pris 202 fois
  • Le résultat moyen est 10 sur 20
Statistiques - réponses
Par images Réponse % Correct
Astérix
100%
Raiponce
98%
Brice de Nice
95%
Peach
94%
Thor
93%
Clover
80%
Rayman
68%
Adrien Agreste
62%
C-18
43%
Bulle
41%
Astrid Hofferson
39%
Katsuki Bakugo
38%
Ken Masters
34%
Penny
29%
Mary Jensen
22%
Loid Forger
21%
Power
17%
Chacal
15%
Odd Della Robia
14%
Edward Kenway
8%
Aucun quiz correspondant
Distribution des résultats
% des personnes avec chaque résultat
Percentile par nombre de réponses
Votre historique - résultats
Vous n’avez pas pris ce quiz